Mathematical and physical aspects of stochastic mechanics

Αποθηκεύτηκε σε:
Λεπτομέρειες βιβλιογραφικής εγγραφής
Κύριος συγγραφέας: Blanchard, Philippe
Άλλοι συγγραφείς: Combe, Philippe 1940-, Zheng, W. 1952-
Μορφή: Βιβλίο
Γλώσσα:English
Δημοσίευση: Berlin ; New York : Springer-Verlag, c1987
Σειρά:Lecture notes in physics ; ; 281
Θέματα:
Ετικέτες: Προσθήκη ετικέτας
Δεν υπάρχουν, Καταχωρήστε ετικέτα πρώτοι!

MARC

LEADER 00000nam a2200000 i 4500
001 1/30770
008 960711s1987 eng d
020 |a 3-540-18036-2 
035 |a 1995  |l 10038655 
040 |a GR-MY-UA  |b gre  |e aacr 
041 0 |a eng 
082 0 |a 530.1592 
100 1 |a Blanchard, Philippe. 
245 1 0 |a Mathematical and physical aspects of stochastic mechanics /  |c Ph. Blanchard, Ph. Combe, W. Zheng 
260 |a Berlin ; New York :   |b Springer-Verlag,   |c c1987 
300 |a viii, 171 p.;  |c 24 cm. 
490 1 |a Lecture notes in physics  |v ; 281 
500 |a Includes bibliographical references 
650 0 0 |a Statistical mechanics. 
650 0 0 |a Stochastic processes. 
700 1 |a Combe, Philippe  |d 1940-. 
700 1 |a Zheng, W.  |d 1952- 
830 0 |a Lecture notes in physics ;  |v ; 281 
852 |a INST  |b SAMOS  |e 19960711  |h 530.1592 BLA  |p 005300005278  |q 005300005278  |t BK  |y 0 
909 |a Σ  |b 039193